Histoire de France : Choix Multiples (Expert) - Statistiques

Statistiques générales
  • Ce quiz a été pris 141 fois
  • Le résultat moyen est 5 sur 10
Statistiques - réponses
Question Réponse % Correct
Impôt sur le Sel créé par Philippe VI. La Gabelle
90%
Complétez cette citation célèbre :Le courage n'est pas l'absence de peur, mais la capacité de......ce qui fait peur. Vaincre
71%
La Cathédrale "Inachevée" Cathédrale de Beauvais
57%
Serments prononcés respectivement par Charles le Chauve et Louis le Germanique en 842. Serments de Strasbourg
57%
Archevêque assassiné par Henri II Plantagenêt,Roi d'Angleterre,en 1170. Thomas Beckett
52%
Première Épouse de Philippe Auguste. Isabelle de Hainaut
48%
Premier Roi connu de L'Histoire de France. (Existence non confirmée) Clodion le Chevelu
33%
Traité de Cateau-Cambrésis scellant la Paix avec les Habsbourg d'Espagne 1559
29%
Pape qui canonisa Saint-Louis. Boniface VIII
24%
Qui était le Monarque sur le Trône en 926 ? Raoul
24%
Aucun quiz correspondant
Distribution des résultats
% des personnes avec chaque résultat
Percentile par nombre de réponses
Votre historique - résultats
Vous n’avez pas pris ce quiz